00897nam a2200217 i 4500001000700000003000900007005001700016008004100033040003000074080002000104080002300124100007300147245018200220260006100402300003700463651003200500651004100532700003100573700004000604852003500644152973ES-MaACL20250728144732.0990303s1843 sp |||| |dspa d aCCPB | B bspa cCCPB | B a929.731(460.16) a94(460.16)".../14"1 aEvreux y Trastámara, Carlos d' cPríncipe de Viana (d1421-1461)10aCrónica de los reyes de Navarra / cescrita por D. Carlos Príncipe de Viana ; y corregida en vista de varios códices e ilustrada con notas por D. José Yanguas y Miranda. aPamplona : b[s.n.], c1843 (fImp. de D. Teodoro Ochoa) a[4], XLI, 210, [1] p. ; c21 cm. 4aNavarra (Reino)-xHistoria. 4aNavarra (Reino)-xReyes y soberanos.1 aYanguas y Miranda, José.1 aOchoa de Alda, Teodoro, d1803-1878 aES-MaACLjC-366 z-- Enc. hol.